| 000 | 01532nam a22003017a 4500 | ||
|---|---|---|---|
| 999 |
_c21803 _d21803 |
||
| 003 | AR-CdUCM | ||
| 008 | 190425b ||||| |||| 00| 0 spa d | ||
| 040 |
_aMUNICIPALIDAD PROVINCIAL DEL CUSCO _cBIBLIOTECA MUNICIPAL DEL CUSCO |
||
| 082 | _aRev.Allp/N°2/1970 | ||
| 110 |
_aInstituto de Pastoral Andina _912766 |
||
| 245 |
_aAllpanchis Phuturinqa : _bRevista Anual / |
||
| 260 |
_aCusco : _bGarcilaso, _c1970. |
||
| 300 |
_a255 páginas. : _bilustraciones, _c20 cm. |
||
| 440 |
_aRevista del Instituto de Pastoral Andina Cusco _nAño [ ], [ ] semestre de 1970, N°2. Vol. II _946164 |
||
| 505 | _aContenido: La religiosidad en Qollana. Andree Michaud. -- Apuntes sobre el mundo sobrenatural de Llavini. Mariano Cáceres Olazo. -- La imagen de Dios en Urcos. Manuel Marzal. -- El mundo sobrenatural de los quechuas del Sur del Perú a través de la comunidad de Qotobamba. Juan Víctor Núñez del Prado. -- El mundo sobrenatural en una comunidad. Juvenal Casaverde Rojas. -- Algunos conceptos filosóficos de la cosmovisión del indígena quechua. | ||
| 650 |
_aCultura andina _946160 |
||
| 650 |
_aAntropología cusqueña _945862 |
||
| 650 |
_aReligiosidad andina _944127 |
||
| 650 |
_aConstumbres y tradiciones _946161 |
||
| 700 |
_aNúñez del Prado, Juan Víctor _932852 |
||
| 700 |
_aMarzal, Manuel _946162 |
||
| 700 |
_aTamayo Herrera, José _911513 |
||
| 700 |
_aCasaverde Rojas, Juvenal _946165 |
||
| 700 |
_aCáceres Olazo, Mariano _946166 |
||
| 700 |
_aMichaud, Andree _946167 |
||
| 942 |
_2ddc _cPP |
||
| 945 | _arac | ||